1208 1758 1448 1559 1249 1265 1106 1974 1689 2000 1282 1388 1356 1334 1868 1438 1111 1195 1164 1409 1939 1362 1072 1772 1216 1355 1348 1351 1155 1783 1306 1097 1416 1978 1047 1994 1061 1030 1692 1895 1574 1406 1993 1626 1444 1170 1629 1167 1561 1626 1532 1594 1976 1726 1427 1575 1871 1922 1739 1011 1957 1933 1450 1631 1244 1619 1876 1370 1837 1518 1717 1263 1073 1451 1732 1996 1644 1273 1026 1104 1160 1048 1935 1888 1514 1033 1499 1818 1481 1385 1731 1901 1307 1468 1077 1606 1294 1273 1072 BCNSPRNW ULIB Ver.6.0+V

เปลี่ยนเป็นภาษาไทย

Change to English
 แสดงรายละเอียดบรรณานุกรม
  กลับหน้าหลัก

Brief Record : Get Marc (ISO 2709) : E-mail record : QR code < ปิดหน้าต่าง
LEADER : 00000nam 2200000uu 4500
001    13399120495
003     ULIB
008    120920s2546||||th 000 0 tha d
020    ^a9749507525
060 04 ^aWB310^bส255ศ 2546
245 00 ^aศาสตร์และศิลป์แห่งการดูแลผู้ป่วยเมื่อวาระสุดท้ายของชีวิต /^cบรรณาธิการ, สมบัติ ตรีประเสริฐสุข ; ผู้นิพนธ์, ปราโมทย์ สุคคนิชย์ ... [และคนอื่นๆ]
250    ^aพิมพ์ครั้งที่ 2
260    ^aกรุงเทพฯ :^bหมอชาวบ้าน,^c2546
300    ^a80 หน้า ;^c22 ซม.
650  7 ^aการดูแลขั้นวิกฤต
650  7 ^aผู้ป่วย, การจัดการดูแล
650  7 ^aผู้ป่วยหนัก, การดูแล
700 0  ^aปราโมทย์ สุคคนิชย์
700 0  ^aสมบัติ ตรีประเสริฐสุข,^eบรรณาธิการ
945    ^p100^l0^i13915
995    ^aกัณชพร
999 ^a ใช้งานได้ทุกระบบ
รายการนี้ยังไม่มีแท็ก
คุณยังไม่ได้ล็อกอิน คุณสามารถมีกิจกรรมร่วมกับเว็บไซต์ได้ แต่ต้องล็อกอินก่อน ::
  ล็อกอิน

รายการสื่อสารสนเทศ

ลำดับที่ ประเภท เลขเรียก/บาร์โค้ด สถานที่ สถานะ
1. วิทยาศาสตร์การแพทย์ และสุขภาพ
วิทยาศาสตร์การแพทย์ และสุขภาพ
WB310 ส255ศ 2546  
  Barcode: 13915
ห้องสมุดวิทยาเขตสวรรค์ประชารักษ์
►หนังสือทั่วไป
บนชั้น

รายการใกล้เคียง
    หัวเรื่อง [การดูแลขั้นวิกฤต]
    หัวเรื่อง [ผู้ป่วย, การจัดการดูแล]
    หัวเรื่อง [ผู้ป่วยหนัก, การดูแล]

BibComment


ยังไม่เคยถูกคอมเมนท์

คอมเมนท์ทรัพยากรรายการนี้
  คอมเมนท์: ศาสตร์และศิลป์แห..


 Copyright 2026. Bcnsprnw @Library